Eastern Utah Libraries Catalog: Duchesne, Heber, Roosevelt, & Vernal

The Rocket Returns Step into Reading Book. (Record no. 202028)

MARC details
000 -LEADER
fixed length control field 00926cam a2200301M 4500
001 - CONTROL NUMBER
control field ocn867824771
003 - CONTROL NUMBER IDENTIFIER
control field OCoLC
005 - DATE AND TIME OF LATEST TRANSACTION
control field 20241220164317.0
008 - FIXED-LENGTH DATA ELEMENTS--GENERAL INFORMATION
fixed length control field 130725s2014 xx 000 0 eng d
040 ## - CATALOGING SOURCE
Original cataloging agency CKE
Language of cataloging eng
Transcribing agency CKE
Modifying agency AZT
-- UINTA
020 ## - INTERNATIONAL STANDARD BOOK NUMBER
International Standard Book Number 9780385373845 : PAP
020 ## - INTERNATIONAL STANDARD BOOK NUMBER
International Standard Book Number 0385373848 : PAP
020 ## - INTERNATIONAL STANDARD BOOK NUMBER
International Standard Book Number 9780375972041 (hbk.)
020 ## - INTERNATIONAL STANDARD BOOK NUMBER
International Standard Book Number 0375972048 (hbk.)
035 ## - SYSTEM CONTROL NUMBER
System control number (OCoLC)867824771
037 ## - SOURCE OF ACQUISITION
Source of stock number/acquisition Random House Childrens Books, Attn Order Entry 400 Hahn rd, Westminister, MD, USA, 21157
Note SAN 201-3975
050 #4 - LIBRARY OF CONGRESS CALL NUMBER
Classification number PZ
082 #4 - DEWEY DECIMAL CLASSIFICATION NUMBER
Classification number [E]
049 ## - LOCAL HOLDINGS (OCLC)
Holding library UCLB
100 1# - MAIN ENTRY--PERSONAL NAME
Personal name Awdry, W.
245 14 - TITLE STATEMENT
Title The Rocket Returns Step into Reading Book.
260 ## - PUBLICATION, DISTRIBUTION, ETC. (IMPRINT)
Name of publisher, distributor, etc Random House Childrens Books
Date of publication, distribution, etc 2014.
300 ## - PHYSICAL DESCRIPTION
Extent 32 p. ;
490 0# - SERIES STATEMENT
Series statement Step into reading, 2, reading with help
650 #0 - SUBJECT ADDED ENTRY--TOPICAL TERM
Topical term or geographic name as entry element Readers / Beginner.
9 (RLIN) 5903867
650 #0 - SUBJECT ADDED ENTRY--TOPICAL TERM
Topical term or geographic name as entry element Transportation / Railroads & Trains.
9 (RLIN) 6534581
994 ## -
-- C0
-- UINTA
Holdings
Withdrawn status Lost status Source of classification or shelving scheme Damaged status Not for loan Collection code Home library Current library Shelving location Date acquired Source of acquisition Cost, normal purchase price Total Checkouts Total Renewals Full call number Barcode Checked out Date last seen Date checked out Cost, replacement price Price effective from Koha item type
    Dewey Decimal Classification     Children Leveled Wasatch County Library Wasatch County Library Main Floor Childrens Area 07/30/2014 Penworthy 13.96 111 30 E Awd 34301001301011 04/28/2026 03/02/2026 03/02/2026 13.96 03/20/2020 BOOK
This project was made possible through a grant from the Institute of Museum and Library Service administered by the Utah State Library Division.

Wasatch County Library

  • 465 East 1200 South, Heber City, Utah 84032
  • Phone 435-654-1511 | Fax 435-654-6456

Hours

  • Monday - Friday 9:30 AM - 8:00 PM
  • Saturday 9:30 AM - 1:30 PM
  • Closed Sundays and Holidays